000 00783cam a22002652 4500
001 0000011861
003 OSt
005 20220224121445.0
008 090114s xx 000 0 eng d
020 _a1473760219
040 _aKABU
_cKABU
050 0 _aHG4529.5
_b.B75 2019
100 1 _aBrigham, Eugene F.
245 1 0 _aFinancial Management
_bTheory and Practice /
_cEugene F. Brigham
250 _a2nd ed.
260 _aAustralia
_bCengage Learning
_c2019
300 _a xiv, 638p.
650 0 _aCorporations
_xFinance.
700 1 _aEhrhardt, Michael C.
700 1 _aFox, Roland
908 _a090114
942 _2lcc
_cBK
999 _c19233
_d19232